<?xml version="1.0" encoding="UTF-8"?>
<record
    xmlns:xsi="http://www.w3.org/2001/XMLSchema-instance"
    xsi:schemaLocation="http://www.loc.gov/MARC21/slim http://www.loc.gov/standards/marcxml/schema/MARC21slim.xsd"
    xmlns="http://www.loc.gov/MARC21/slim">

  <leader>00759nam a22001817a 4500</leader>
  <controlfield tag="005">20231108152602.0</controlfield>
  <controlfield tag="008">231108b           ||||| |||| 00| 0 eng d</controlfield>
  <datafield tag="040" ind1=" " ind2=" ">
    <subfield code="c">AL</subfield>
  </datafield>
  <datafield tag="041" ind1=" " ind2=" ">
    <subfield code="a">Kannada</subfield>
  </datafield>
  <datafield tag="082" ind1=" " ind2=" ">
    <subfield code="2">23</subfield>
    <subfield code="a">321.80954K</subfield>
    <subfield code="b">SHRS</subfield>
  </datafield>
  <datafield tag="100" ind1=" " ind2=" ">
    <subfield code="a">Mulabagilu G Shridhar   &#xCAE;&#xCC1;&#xCB3; &#xCAC;&#xCBE;&#xC97;&#xCBF;&#xCB2;&#xCC1; &#xC9C;&#xCBF; &#xCB6;&#xCCD;&#xCB0;&#xCC0;&#xCA7;&#xCB0;&#xCCD; </subfield>
    <subfield code="9">141259</subfield>
  </datafield>
  <datafield tag="245" ind1=" " ind2=" ">
    <subfield code="a">Samvidhanada Peetikeya Peetada Mele  &#xCB8;&#xC82;&#xCB5;&#xCBF;&#xCA7;&#xCBE;&#xCA8;&#xCA6; &#xCAA;&#xCC0;&#xCA0;&#xCBF;&#xC95;&#xCC6;&#xCAF;  &#xCAA;&#xCC0;&#xCA0;&#xCA6;  &#xCAE;&#xCC7;&#xCB2;&#xCC6; </subfield>
  </datafield>
  <datafield tag="260" ind1=" " ind2=" ">
    <subfield code="a">Bengaluru</subfield>
    <subfield code="b">Karnataka Law Journal Publications</subfield>
    <subfield code="c">2023</subfield>
  </datafield>
  <datafield tag="300" ind1=" " ind2=" ">
    <subfield code="a">114 p.</subfield>
    <subfield code="b">PB</subfield>
    <subfield code="c">23x15 cm.</subfield>
  </datafield>
  <datafield tag="365" ind1=" " ind2=" ">
    <subfield code="a">5946</subfield>
    <subfield code="b">&#x20B9;156.00</subfield>
    <subfield code="c">&#x20B9;</subfield>
    <subfield code="d">&#x20B9;195.00</subfield>
    <subfield code="e">20%</subfield>
    <subfield code="f">03-11-2023</subfield>
  </datafield>
  <datafield tag="700" ind1=" " ind2=" ">
    <subfield code="a">SHRIDHAR (Mulabagilu G)  &#xCB6;&#xCCD;&#xCB0;&#xCC0;&#xCA7;&#xCB0;&#xCCD;( &#xCAE;&#xCC1;&#xCB3; &#xCAC;&#xCBE;&#xC97;&#xCBF;&#xCB2;&#xCC1; &#xC9C;&#xCBF;)</subfield>
    <subfield code="9">141247</subfield>
  </datafield>
  <datafield tag="942" ind1=" " ind2=" ">
    <subfield code="2">ddc</subfield>
    <subfield code="c">BK</subfield>
  </datafield>
  <datafield tag="999" ind1=" " ind2=" ">
    <subfield code="c">229159</subfield>
    <subfield code="d">229159</subfield>
  </datafield>
  <datafield tag="952" ind1=" " ind2=" ">
    <subfield code="0">0</subfield>
    <subfield code="1">0</subfield>
    <subfield code="2">ddc</subfield>
    <subfield code="4">0</subfield>
    <subfield code="7">0</subfield>
    <subfield code="8">PS</subfield>
    <subfield code="a">AL</subfield>
    <subfield code="b">AL</subfield>
    <subfield code="d">2023-11-07</subfield>
    <subfield code="e">Biblios Book Point Surathkal Mangalore 575014</subfield>
    <subfield code="g">156.00</subfield>
    <subfield code="l">0</subfield>
    <subfield code="o">321.80954K SHRS</subfield>
    <subfield code="p">076884</subfield>
    <subfield code="r">2023-11-08 00:00:00</subfield>
    <subfield code="v">195.00</subfield>
    <subfield code="w">2023-11-08</subfield>
    <subfield code="y">BK</subfield>
  </datafield>
</record>
